Patrick Troughton Filmography - Statistics

General Stats
  • This quiz has been taken 3 times
  • The average score is 16 of 244
Answer Stats
Type Year Name % Correct
TV Show 1966-1973, 1983, 1985 Doctor Who
100%
Film 1948 Hamlet
67%
TV Film 1947 Hamlet Part 1
67%
TV Film 1947 Hamlet Part 2
67%
Film 1976 The Omen
67%
TV Show 1963, 1966 The Saint
67%
Film 1956 1984
33%
TV Show 1966 Adam Adamant Lives!
33%
TV Show 1958, 1966 Armchair Theatre
33%
TV Show 1965 A Tale of Two Cities
33%
TV Show 1960, 1961, 1962 BBC Sunday-Night Play
33%
TV Show 1960 Danger Man
33%
TV Show 1966 David Copperfield
33%
TV Show 1959 Dial 999
33%
TV Show 1959 Interpol Calling
33%
TV Show 1972 Jason King
33%
Theater 1945-1946 Macbeth
33%
TV Film 1949 Macbeth
33%
TV Show 1962 Man of the World
33%
TV Show 1984 Minder
33%
Theater 1946 Much Ado About Nothing
33%
TV Show 1970 Paul Temple
33%
TV Show 1976, 1980, 1981, 1983 Play for Today
33%
TV Mini-Series 1953 Robin Hood
33%
TV Film 1948 R.U.R.
33%
TV Show 1965 Sherlock Holmes
33%
TV Show 1966 Softly Softly
33%
TV Show 1974 Special Branch
33%
TV Show 1957-1958 Sword of Freedom
33%
TV Show 1956-1960 The Adventures of Robin Hood
33%
TV Show 1959 The Invisible Man
33%
TV Show 1971 The Persuaders!
33%
TV Show 1972 The Protectors
33%
TV Show 1955-1956 The Scarlet Pimpernel
33%
TV Show 1963 The Sentimental Agent
33%
TV Show 1975 The Sweeney
33%
TV Show 1965 The Wednesday Play
33%
Documentary Series 1982 This Is Your Life
33%
TV Show 1977 Van der Valk
33%
TV Show 1958 William Tell
33%
TV Show 1964, 1973, 1975 Z Cars
33%
TV Show 1970-1972 A Family at War
0%
Film 1978 A Hitch in Time
0%
TV Film 1957 Aladdin
0%
TV Show 1980 All Creatures Great and Small
0%
TV Film 1984 Amy
0%
TV Show 1976 Angels
0%
Theater 1951-1952 Antony and Cleopatra
0%
TV Show 1964 Artists' Notebooks
0%
TV Show 1957 Assignment Foreign Legion
0%
TV Film 1948 At the Villa Rose
0%
Film 1949 Badger's Green
0%
TV Show 1982 BBC2 Playhouse
0%
TV Show 1977 BBC2 Play of the Week
0%
TV Show 1950-1959 BBC Sunday-Night Theatre
0%
TV Show 1955 Benbow and the Angels
0%
TV Show 1984 Blue Peter
0%
TV Show 1981 Bognor
0%
Theater 1951-1952 Caesar and Cleopatra
0%
Film 1949 Cardboard Cavalier
0%
TV Film 1948 Celestial Fire
0%
Film 1950 Chance of a Lifetime
0%
TV Special 1974 Charles Dickens' World of Christmas
0%
TV Show 1959 Charlesworth
0%
TV Show 1975 Churchill's People
0%
TV Show 1954 Clementina
0%
TV Show 1972 Colditz
0%
TV Show 1962 Compact
0%
TV Show 1974 Coronation Street
0%
TV Show 1964 Crane
0%
TV Show 1974-1975 Crown Court
0%
TV Short 1956 Cycling Holiday
0%
TV Show 1964 Detective
0%
Podcast 2022 Doctor Who: The Abominable Snowmen
0%
Documentary 1991 Doctor Who: The Troughton Years
0%
TV Show 1971 Doomwatch
0%
TV Show 1983 Dramarama
0%
TV Show 1962-1970 Dr. Finlay's Casebook
0%
TV Film 1947 Edward II
0%
TV Mini-Series 1978 Edward & Mrs. Simpson
0%
TV Film 1973 Ego Hugo
0%
Film 1948 Escape
0%
TV Show 1963 Espionage
0%
Theater 1950 Eva Braun
0%
TV Show 1950 For the Children
0%
TV Show 1982-1984 Foxy Lady
0%
Film 1974 Frankenstein and the Monster from Hell
0%
TV Show 1962 Harpers West One
0%
TV Mini-Series 1973 Hawkeye, the Pathfinder
0%
Film 1950 Her Panelled Door
0%
TV Show 1972 His Lordship Entertains
0%
Theater 1950 Hitler's Mistress
0%
TV Show 1964 HMS Paradise
0%
Documentary Series 1978 Horizon
0%
TV Show 1957 Hour of Mystery
0%
TV Film 1958 Hunted
0%
TV Show 1987 Inspector Morse
0%
TV Show 1960, 1961 International Detective
0%
TV Show 1970 ITV Playhouse
0%
TV Show 1961-1966 ITV Play of the Week
0%
TV Show 1971 ITV Saturday Night Theatre
0%
TV Show 1957, 1959, 1961 ITV Television Playhouse
0%
TV Show 1958 Ivanhoe
0%
TV Show 1973 Jackanory
0%
Film 1963 James and the Argonauts
0%
TV Mini-Series 1974 Jennie: Lady Randolph Churchill
0%
Theater 1945-1946 Jenny Villiers
0%
TV Film 1981 John Diamond
0%
TV Show 1983 Jury
0%
Theater 1945-1946 Keep in a Cool Place
0%
TV Show 1952 Kidnapped
0%
TV Show 1956 Kidnapped
0%
TV Show 1982 King's Royal
0%
TV Show 1961 Knight Errant Limited
0%
TV Show 1987 Knights of God
0%
TV Mini-Series 1970 Little Women
0%
TV Mini-Series 1963 Lorna Doone
0%
TV Mini-Series 1976 Lorna Doone
0%
TV Show 1961 Maigret
0%
TV Film 1954 Misalliance
0%
TV Show 1958 Murder Bag
0%
TV Show 1981-1982 Nanny
0%
Theater 1963 Night Conspirators
0%
TV Show 1963 No Cloak - No Dagger
0%
TV Show 1959, 1960, 1961, 1965 No Hiding Place
0%
TV Show 1956 Nom-de-Plume
0%
TV Film 1948 Nurse Cavell
0%
TV Show 1956 One Family
0%
TV Show 1980 Only When I Laugh
0%
TV Show 1971 On the House
0%
TV Film 1957 Ordeal by Fire
0%
TV Show 1971 Out of the Unknown
0%
TV Show 1971, 1973 Owen, M.D.
0%
Documentary 2003 Patrick Troughton in America
0%
Documentary 2002 Patrick Troughton Mythmakers
0%
TV Show 1960 Paul of Tarsus
0%
TV Show 1957 Precious Bane
0%
TV Mini-Series 1958 Queen's Champion
0%
Film 1955 Richard III
0%
Theater 1955-1956 Richard III
0%
TV Film 1964 Richard Whittington Esquire
0%
TV Show 1979 Sally Ann
0%
Film 1970 Scars of Dracula
0%
Documentary 2012 Second Time Around: The Troughton Years
0%
TV Film 1953 Shadow and Substance
0%
TV Film 1961 She Died Young
0%
TV Show 1982 Shine on Harvey Moon
0%
Film 1977 Sinbad and the Eye of the Tiger
0%
TV Show 1962 Sir Francis Drake
0%
TV Show 1964 Smuggler's Bay
0%
TV Show 1971 Softly Softly: Task Force
0%
TV Film 1949 Someone at the Door
0%
TV Show 1962 Somerset Maugham Hour
0%
TV Show 1977 Space: 1999
0%
TV Show 1973 Stars on Sunday
0%
TV Film 1979 Suez 1956
0%
TV Show 1985 Summer Season
0%
TV Show 1962 Sunday Story
0%
TV Show 1987 Super Gran
0%
TV Show 1976 Survivors
0%
TV Show 1974 Sutherland's Law
0%
TV Film 1984 Swallows and Amazons Forever!: The Big Six
0%
TV Film 1981 Tales from the Thousand and One Nights
0%
TV Show 1955 The Adventures of Annabel
0%
TV Show 1956 Theatre Royal
0%
TV Film 1955 The Bargain
0%
TV Show 1972 The Befrienders
0%
Film 1954 The Black Knight
0%
Film 1964 The Black Torment
0%
TV Show 1984 The Box of Delights
0%
TV Show 1959 The Cabin in the Clearing
0%
TV Film 1948 The Case of the Frightened Lady
0%
TV Mini-Series 1983 The Cleopatras
0%
TV Film 1956 The Condemned
0%
TV Show 1956 The Count of Monte Cristo
0%
TV Show 1958 The Dangerous Game
0%
TV Show 1978 The Devil's Crown
0%
TV Special 1977 The Dick Emery Christmas Show: The Texas Connection
0%
TV Show 1981 The Dick Emery Show
0%
TV Show 1979 The Famous Five
0%
TV Show 1976-1978 The Feathered Serpent
0%
TV Film 1952 The Florentine Painting
0%
TV Show 1959 The Flying Doctor
0%
TV Show 1959, 1960 The Four Just Men
0%
Film 1951 The Franchise Affair
0%
TV Show 1972 The Goodies
0%
Film 1964 The Gorgon
0%
TV Mini-Series 1953 The Heir of Skipton
0%
TV Film 1959 The Hill
0%
TV Show 1959 The History of Mr. Polly
0%
TV Show 1964 The Indian Tales of Rudyard Kipling
0%
TV Show 1966 The Liars
0%
TV Show 1972 The Main Chance
0%
TV Show 1964 The Midnight Men
0%
Film 1958 The Moonraker
0%
TV Show 1959 The Moonstone
0%
TV Show 1959 The Naked Lady
0%
TV Show 1958 The New Adventures of Charlie Chan
0%
TV Show 1962-1963 The Old Curiosity Shop
0%
TV Film 1955 The Olive Jar
0%
TV Show 1979 The Onedin Line
0%
Film 1962 The Phantom of the Opera
0%
TV Show 1958 The Rebel Heiress
0%
Film 1948 The Red Shoes
0%
TV Film 1948 The Rose Without a Thorn
0%
TV Show 1958 The Royalty
0%
TV Mini-Series 1959 The Scarf
0%
Theater 1945-1946 The Seagull
0%
TV Mini-Series 1970 The Six Wives of Henry VIII
0%
TV Show 1960 The Splendid Spur
0%
TV Show 1962 The Sword in the Web
0%
TV Show 1960 The Terrible Choice
0%
TV Show 1964 The Third Man
0%
TV Film 1948 The Tragedy of King Lear Part 1
0%
TV Film 1948 The Tragedy of King Lear Part 2
0%
TV Film 1960 The True Mistery of the Passion
0%
TV Show 1986 The Two of Us
0%
TV Show 1984 The Two Ronnies
0%
Film 1967 The Viking Queen
0%
TV Short 1957 The Well
0%
TV Film 1950 The Whole World Over
0%
TV Show 1965, 1971 Thirty-Minute Theatre
0%
TV Show 1966 This Man Craig
0%
TV Show 1964 Thorndyke
0%
TV Show 1959 Three Golden Nobles
0%
TV Show 1975 Thriller
0%
TV Film 1953 Toad of Toad Hall
0%
Film 1950 Treasure Island
0%
TV Mini-Series 1977 Treasure Island
0%
TV Film 1949 Trelawny of the Wells
0%
TV Film 1948 Triple Bill: Exit / Murder Over Draughts / The Body Was Not Disturbed
0%
Theater 1945-1946 Twelfth Night
0%
TV Show 1974 Village Hall
0%
TV Show 1977 Warship
0%
Film 1950 Waterfront Women
0%
TV Show 1953 Wednesday Theatre
0%
Theater 1946 Weep for the Cyclops
0%
Film 1951 White Corridors
0%
TV Film 1949 Whitehall Wonders
0%
TV Show 1973 Whoops Baghdad!
0%
TV Mini-Series 1959 World Theatre
0%
TV Film 1962 Wuthering Heights
0%
TV Show 1977 Yanks Go Home
0%
TV Show 1987 Yesterday's Dreams
0%
No matching quizzes found
Score Distribution
Percent of People with Each Score
Percentile by Number Answered
Your Score History
You have not taken this quiz